| 000 | 01916cad a22003375a 4500 | ||
|---|---|---|---|
| 001 | L150763 | ||
| 008 | 100901s2010 xxk f 000 0 eng d | ||
| 020 | _a9781842196076 | ||
| 035 | _a(Sirsi) u150763 | ||
| 041 | 0 | _aeng | |
| 050 | 0 | 4 | _a526.9823 $2 18 |
| 110 | 2 |
_aRoyal Institution of Chartered Surveyors _94900 |
|
| 245 | 0 | 0 |
_aGuidelines for the use of GNSS in land surveying and mapping _h[old edition] |
| 250 | _a2nd ed. | ||
| 260 |
_aCoventry _bRICS _c2010 |
||
| 300 |
_aiv, 76p. _c30cm. |
||
| 490 | 0 | _aRICS Practice Standards UK | |
| 490 | 0 |
_aRICS Guidance Note _v13/2010 |
|
| 505 | 2 | _aRICS Guidance notes -- Preface -- The role of the GNSS in surveying -- GNSS survey documentation -- GNSS survey operations -- GNSS survey methods -- Operational considerations -- Co-ordinate reference frames -- Quality issues -- Appendices -- Glossary -- Checklist for GNSS survey specification and procedures. | |
| 520 | _aThis guidance note provides the surveyor with a set of practical operational guidelines which can be used when undertaking a survey that includes GNSS techniques. It provides clients and purchasers of geospatial information generated from a GNSS survey with information to write a task specific specification for a GNSS survey. Includes information on recent advances in GNSS capabilities. | ||
| 520 | _aSupersedes first edition (ISBN 1842190938). | ||
| 520 | _aNote that as of 30th March 2023 went out consultation for a 3rd edition. 3rd edition was published May 2023, effective 18 June 2023 ISBN | ||
| 590 | _aKA | ||
| 650 | _aGLOBAL NAVIGATION SATELLITE SYSTEMS | ||
| 650 | _aLAND SURVEYING | ||
| 650 | _aMAPPING | ||
| 651 | 4 | _aUnited Kingdom | |
| 690 |
_aGeomatics _96242 |
||
| 856 | 4 | 1 |
_uhttps://www.rics.org/content/dam/ricsglobal/documents/standards/guidelines_for_the_use_of_gnss_in_surveying_and_mapping_2nd_edition_rics.pdf _zAvailable on RICS.org |
| 942 |
_n0 _2ddc |
||
| 999 |
_c110977 _d110977 |
||